000 00472nam a2200181Ia 4500
003 GCL
008 140319s9999 xx 000 0 ara d
040 _aGCL /
_cGCL
082 0 4 _a790.43
_bخ ن
100 1 _aخميس خياط
245 1 0 _aالنقد السينمائى /
_cخميس خياط
700 1 _aخميس خياطى
300 _a80 ص
490 _aكتابك 30
_v0
650 0 4 _aالسينما
650 0 4 _aالسينما - نقد
942 _2ddc
_cBK
999 _c46916
_d46916